000 00682cam a22002057a 4500
999 _c127916
_d127916
001 3268577
003 ARRUPE
005 20180412093348.0
008 810805s1980 cg a 000 0 fre
010 _a 81169596
040 _aDLC
_cDLC
_dDLC
050 0 0 _aNB1130.C6
_bH685
100 1 _aHochegger, Hermann.
_938498
245 1 0 _aSculptures nouvelles de Bandundu, Rép. du Zaïre /
_cHerman Hochegger.
260 _aBandundu :
_bCEEBA,
_cc1980.
300 _a160 p. :
_bill. ;
_c24 cm.
490 1 _aPublications / CEEBA. Série II ;
_vv. 61
650 _aSculpture, Bandundu (Congo, Democratic republic)
_941470
830 0 _aPublications (Ceeba).
_nSérie II ;
_vv. 61
_941471
906 _a7
_bcbc
_corignew
_d4
_encip
_f19
_gy-gencatlg
942 _2lcc
_cMONOGRAPH